| 000 | 01303cam a22003854i 4500 | ||
|---|---|---|---|
| 003 | PE-LiUPU | ||
| 005 | 20250731184115.0 | ||
| 008 | 150616s r 000 0 d | ||
| 035 | _a(Sirsi) a4955 | ||
| 040 |
_aPE-LiUPU _bspa _cPE-LiUPU _erda |
||
| 049 | _aPRUA | ||
| 082 | 0 | 4 |
_a803.08 _bB44 _221 |
| 100 | 1 |
_aFlaubert, Gustave, _eautor. |
|
| 245 | 1 | 0 | _aMadame Bovary. |
| 264 | 1 |
_aMadrid : _bEDAF, _c1965. |
|
| 300 |
_a406 páginas : _bilustraciones láms,. retratos ; _c19 cm. |
||
| 336 |
_atext _2rdacontent |
||
| 337 |
_aunmediated _2rdamedia |
||
| 338 |
_avolume _2rdacarrier |
||
| 490 | 0 |
_aBiblioteca Edaf ; _v44 |
|
| 505 | 0 | _aMadame Bovary. | |
| 526 | _aP145 | ||
| 526 | _aP127 | ||
| 526 | _aP97 | ||
| 526 | _aP14 | ||
| 526 | _aP07 | ||
| 650 | 0 | 4 | _aLITERATURA FRANCESA - SIGLO XIX. |
| 910 |
_ajck _bjvq _cjck |
||
| 942 |
_2ddc _cBOOK |
||
| 949 |
_a803.08 B44 _wDEWEY _c1 _i19777 _lCCODEBUL1 _mBUL _p00.00 _r0 _sY _tBOOK _u19811104 _xEDUCACION _PP20 _0COMPRA _o.STAFF. Colección General |
||
| 994 |
_aC0 _bPEPRU |
||
| 596 | _a1 | ||
| 999 |
_a803.08 B44 _wDEWEY _c51908 _i19777 _d51908 _e2018-5-23 _f2021-11-5 _g5 _lCCODEBUL1 _mBUL _n2 _q1 _r0 _sY _tBOOK _u2015-6-16 _xBIBLIOTECA _PP20 _0COMPRA _o.STAFF. Colección General |
||
| 980 |
_81 _gALBERTO SANCHEZ Responsable de Automatización |
||